000 00904cam a2200313 4500
999 _c7953
_d7953
001 7953
003 MCM
005 20180417123113.0
008 720327s1971 caua b 001 0 eng
020 _a0878436065
035 _a(BD-JChh)-7953
035 _a(OCoLC)00237191
035 _aGLIS00280137
040 _aDLC
_cDLC
_dm.c.
_dMYG
041 _aeng
082 _a248.46
_bHAR 1971
090 _aQL785.5.P7
_bH286
099 _aQL785.5.P7.H286
100 1 _aHarlow, Harry F.
_q(Harry Frederick),
_d1905-1981.
245 1 0 _aLearning to love /
_c[by] Harry F. Harlow.
260 _aSan Francisco,
_bAlbion Pub. Co.
_c[c1971]
300 _avii, 122 p.
_billus.
_c26 cm.
504 _aBibliography: p. 110-113.
650 0 _aPrimates
_xBehavior.
650 0 _aLove
_xPsychological testing.
942 _2ddc
_cBK
949 _aMYGH
_b39080003968606